| 000 | 00530nam a22002173 4500 | ||
|---|---|---|---|
| 001 | 8614 | ||
| 003 | BD - JhCC | ||
| 005 | 20231030075912.0 | ||
| 008 | 970107s1952 xx 000 0 und d | ||
| 035 | _a(BD - JhCC)8614 | ||
| 040 |
_aEQO _cEQO _dBD-JhCC |
||
| 041 | _aeng | ||
| 082 | _bSHA 1952 | ||
| 100 | 1 | _aSharif, M. R. | |
| 245 | 1 | 3 |
_a Modern economic development of Pakistan / _cM. R.Sharif. |
| 250 | _a4th, revised ed. | ||
| 260 |
_aDacca: _c1966. |
||
| 300 |
_a396 p. : _c22 cm. |
||
| 942 |
_2ddc _cBK |
||
| 999 |
_c8614 _d8614 |
||